Statistics for Nicki Minaj's Tours

Click here to take the quiz!

General Stats

  • This quiz has been taken 15 times
  • The average score is 3 of 5

Answer Stats

HintAnswer% Correct
(2011-2012)Pink Friday Tour
100%
(2015-2016)The Pinkprint Tour
63%
(2019)The Nicki Wrld Tour
50%
(2024)Pink Friday 2 World Tour
38%
(2012)Pink Friday: Reloaded Tour
13%

Score Distribution

Percentile by Number Answered

Percent of People with Each Score

Your Score History

You have not taken this quiz